| 000 | 00899cab a2200181 4500 | ||
|---|---|---|---|
| 001 | L129294 | ||
| 008 | 050408n2005 000 0 eng u | ||
| 035 | _a(Sirsi) u129294 | ||
| 041 | _aeng | ||
| 100 | _aNewton, Sally | ||
| 245 | _aExtinguish the old practices | ||
| 260 | _c2005 | ||
| 490 |
_aEstates Gazette _v(0513) 2 April 2005, 126-128(3) |
||
| 520 | _aExplains the new fire safety law requirements which are expected to come into force in April 2006. Employers will need to review their fire risk assessments as existing fire certificates will no longer be valid or issued. Instead of fire inspectors and certificates, responsible persons as well as employers will have a duty to carry out a fire risk assessment. Lists the key changes and the responsible peson's duties. | ||
| 590 | _aIKA150405 | ||
| 690 | _aMANAGEMENT-HEALTH AND SAFETY-FIRE SAFETY-FIRE RISK ASSESSMENT | ||
| 942 | _n0 | ||
| 999 |
_c75049 _d75049 |
||